000 00416nam a2200181Ia 4500
001 8618
005 20260306160623.0
008 260306t2015||||xx |||||||||||||| ||spa||
041 _aESP
082 _a371.2
_bO28
100 _aOcéano
_eAUT
245 0 _aOrganización y gestión educativa
260 _c2015
300 _a500 páginas :
_c26 cm.
650 _aGEN
654 _aCED
942 _cLIB
_dJUS
_fJUS
_2ddc
_n
999 _c8618
_d8618